LEADER 01097nam a2200229 i 4500 001 000000235927 003 CaOOAMICUS 005 20230724124426.0 008 141118s1853 it u000 u ita u 040 $aSeMil$bita 100 1 $aLa Croix de Ravignan, Gustave-Xavier : de,$c.$0(OLS)http://semarc/name/80616 245 10$aConferenze tenute dal padre di Ravignan precedute da una biografia del medesimo /$cversione italiana del sacerdote Giacinto Longoni. 260 $aMilano :$bGiuseppe Redaelli,$c1853. 300 $a223 p. ;$c23 cm. 500 $aLegato con 3C-II-58 FA. 600 14$aRavignan, Gustave Xavier Delacroix : de .$0(OLS)http://semarc/subject/3637 700 1 $aLongoni, Giacinto.$0(OLS)http://semarc/name/74824 850 $aSeMil 852 $aSeMil$W1$xVenegono$y1$m3C II 61 FA$j186273$B186273$CSeMilBibl$Z2$F197135 $8I 996 $6245$aConferenze tenute dal padre di Ravignan precedute da una biografia del medesimo$9(OLS)http://semarc/title/336209 996 $6260$aMilano :$bGiuseppe Redaelli$9(OLS)http://semarc/publisher/37053 LEADER 01304nam a2200289 i 4500 001 000000054535 003 CaOOAMICUS 005 20240911163853.0 008 080915s1983 it u000 u ita u 020 $a88-7023-067-8 040 $aSeMil$bita 245 00$aInventario dei paramenti e delle suppellettili sacre del Duomo di Milano /$ca cura di Giacomo Mellera. 250 $a2. edizione rinnovata. 264 1$aMilano :$bNED,$c1983. 300 $a118 p., [7] p. di tav. ;$c24 cm. 490 1 $aArchivio Ambrosiano ;$v30 650 4$aMilano - Duomo - Suppellettili sacre - Inventari.$0(OLS)http://semarc/subject/56277 650 4$aMilano - Duomo - Paramenti - Inventari.$0(OLS)http://semarc/subject/56276 700 1 $aMellera, Giacomo,$c.$0(OLS)http://semarc/name/18611 830 0$aArchivio Ambrosiano ;$v30.$0(OLS)http://semarc/title/254 850 $aSeMil 852 $aSeMil$W1$xVenegono$y1$m3TA A 30/A$j250752$B20689$CSeMilBibl$Z2$F20691 $81 961 $aAcquisto: Casa editrice 996 $6020$a88-7023-067-8$9(OLS)http://semarc/number/29445 996 $6245$aInventario dei paramenti e delle suppellettili sacre del Duomo di Milano$9(OLS)http://semarc/title/84434 996 $6264$aMilano :$bNED$9(OLS)http://semarc/publisher/30187